00512nam a2200145 a 450000100100000000500170001000800410002704000250006824500540009326000530014730000350020004900090023595201050024499900170034900003086820200930062547.0110602s1987 dr 000 0 spa d aDO-SdBNPbspacBNPHU00aExposición seis siglos de xilografias alemanas. aSanto Domingo :bGaleria de Arte Moderno,c1987. a35 p. :bil., retrs. ;c21 cm. aBNPD 0010718PDaPDbPDcCTd2011-06-02iLF1l0o p30868-10r2020-06-25w2020-06-25yLFPDZNo se presta c30360d30360